000 00727nam a2200229 a 4500
001 14402
003 BD-JhCC
005 20250910090950.0
008 250910b2020 nyua|||| ||a| 001 0 eng d
020 _a9781787332812
035 _a(BD-JhCC)14402
040 _aBD-JhCC
_dBD-JhCC
041 _aenglish
082 _223
_a909
_bHAR 2020
100 _a Harari,Yuval Noah
245 _aSapiens :
_ba graphic history /
_cYuval Noah Harari.
260 _a London:
_bJonathan Cape;
_c2020.
300 _a248 p. :
_bill;
_c29 cm.
490 _a Sapiens, Book 1
650 _a Bandes dessinées autres que de fiction
_xCivilization History Comic books, strips, etc
_zHuman beings History Comic books, strips, etc
942 _2ddc
_cBK
999 _c14402
_d14402